LEADER 01161nam a2200277 u 4500 001 000000020718 003 CaOOAMICUS 005 20070226110931.0 008 950411s1958 it u000 u ita u 035 $a10507473 040 $aPUL(R)$bita 041 1 $aita$hfre 245 03$aIl laicato, sue posizioni e suoi ordinamenti /$cintroduzione e indici sistematici dei Monaci di Solesmes. 260 $aRoma :$bEd. Paoline,$c1958. 300 $a629, 84 p. ;$c19 cm 490 1 $aInsegnamenti pontifici ;$v4 500 $aTit. orig.: "Le La&TRicat". 650 4$aLaici.$0(OLS)http://pul/subject/212 650 4$aApostolato.$0(OLS)http://pul/subject/1270 710 2 $aBenedettini.$bCongregazione di Francia (Solesmes).$0(OLS)http://pul/name/17965 830 0$aInsegnamenti pontifici ;$v4.$0(OLS)http://pul/title/29121 850 $aPUL 852 $aPUL$W1$xDP1 Fondo Pastorale$y55$mP6 B 29$j29123$nBK-PRI$b $qFondi$B29123$CPULBib$Z2$F29123 $H $81 941 1 $a1 996 $6245$aIl laicato, sue posizioni e suoi ordinamenti$9(OLS)http://pul/title/29123 996 $6260$aRoma :$bEd. Paoline$9(OLS)http://pul/publisher/48300 LEADER 00864nam a2200217 u 4500 001 000000085251 003 CaOOAMICUS 005 20070226124151.0 008 050802s1951 it af u000 u ita u 035 $a11056590 040 $aPUL(R)$bita 100 1 $aSalvatorelli, Luigi,$d1886-1974.$0(OLS)http://pul/name/203 245 10$aRoma /$cL. Salvatorelli. 260 $aNovara :$bIstituto Geografico de Agostini,$c1951. 300 $a86 p., [64] p. di tav. :$bill. ;$c24 cm 651 4$aRoma$xDescrizione e viaggi.$0(OLS)http://pul/subject/14034 850 $aPUL 852 $aPUL$W1$xDP1 Fondo Cecchetti$y53$m281 E 4$j108340$nBK-PRI$b $qFondi$B108340$CPULBib$Z2$F108340 $HPUL4727 $81 941 1 $a1 996 $6245$aRoma$9(OLS)http://pul/title/31488 996 $6260$aNovara :$bIstituto Geografico de Agostini$9(OLS)http://pul/publisher/77059